00467nam a2200085Ia 4500008004100000245003300041300022300074650002800297856005600325170517s9999 xx 000 0 und d aFor Sale: The American Dream aThe US' housing bubble burst nearly six years ago, but the worst may be yet to come. After a landmark settlement, the major banks have lifted a freeze on foreclosures and government relief has been too small to make... xBusiness and Economics. uhttp://topdocumentaryfilms.com/sale-american-dream/